| 000 | 01887cam a2200409 a 4500 | ||
|---|---|---|---|
| 001 | 17431227 | ||
| 003 | NUST | ||
| 005 | 20221026145046.0 | ||
| 008 | 120815s2012 nju b 001 0 eng d | ||
| 010 | _a 2011279598 | ||
| 020 | _a9789699110177 (hardcover) | ||
| 035 | _a(OCoLC)ocn759173247 | ||
| 040 |
_aBTCTA _beng _cBTCTA _dBDX _dB@L _dOCLCO _dQBX _dOCLCQ _dDLC |
||
| 041 | 1 |
_aeng _aara _htur |
|
| 042 | _alccopycat | ||
| 050 | 0 | 0 |
_aBP130.4 _b.G84813 2012 |
| 082 | 0 | 4 |
_a297.1227 _bGUL |
| 100 | 1 |
_aGülen, Fethullah. _96529 |
|
| 240 | 1 | 0 |
_aAzwa -e- Quran dar falak -e- wajdan. _lUrdu |
| 245 | 1 | 0 |
_aAzwa -e- Quran dar falak -e- wajdan / _cM. Fethullah Gülen ; [translated by Abdul Khaliq Hamdard]. |
| 260 |
_aClifton, NJ : _bTughra Books, _c2012. |
||
| 300 |
_a336 p. ; _c23 cm. |
||
| 504 | _aIncludes bibliographical references and index. | ||
| 520 | _aThe Qur'an is believed by Muslims to be the final word of God revealed to humanity through Prophet Muhammad speaking to all humans for all times. This nature of Islam s holy book brings along a continuous study of it so that its injunctions are reinterpreted according to constantly changing times and conditions of our world. | ||
| 546 | _aIn English with Arabic; translated from Turkish. | ||
| 630 | 0 | 0 |
_aQurʼan _vCommentaries. _96530 |
| 650 | 0 |
_aIslam. _9174 |
|
| 650 | 0 |
_aReligion. _95800 |
|
| 700 | 1 |
_aKaplan, Ayşenur. _96531 |
|
| 700 | 1 |
_aGültekin, Harun. _96532 |
|
| 880 |
_6100-01\(3\r _aمحمد فتح اللہ گولن |
||
| 880 |
_6245-02\(3\r _aاضواء قرآن در فلک وجدان _cمحمد فتح اللہ گولن، مترجم عبد الخالق ہمدرد |
||
| 880 |
_6260-03\(3\r _aاسلام آباد: _bہارمنی، _c2011 |
||
| 906 |
_a7 _bcbc _ccopycat _d2 _encip _f20 _gy-gencatlg |
||
| 942 |
_2ddc _cBK |
||
| 999 |
_c332211 _d332211 |
||